Word Chain #1 - Statistics

General Stats
  • This quiz has been taken 65 times
  • The average score is 11 of 16
Answer Stats
Hint Answer % Correct
Goes with pepper Salt
95%
Put on before sneakers Socks
90%
The opposite of small Large
88%
The name for a baby kangaroo Joey
83%
Large boat Yacht
81%
The country with the capitol of Damascus Syria
78%
Caused by involuntary contractions of your diaphragm Hiccups
73%
A cover for the blade of a sword Sheath
71%
Name of a Wetland in Florida Everglades
69%
A brass instrument Trombone
69%
Used to knit Yarn
64%
A way to contact somebody Email
61%
A car model made by Toyota Yaris
58%
Condition where one suddenly falls asleepp Narcolepsy
56%
Bowling three stirkes in a row Turkey
53%
When you shoot a basketball and it hits nothing Airball
37%
No matching quizzes found
Score Distribution
Percent of People with Each Score
Percentile by Number Answered
Your Score History
You have not taken this quiz